00881nam a2200253Ia 4500003000400000005001700004006001800021007000300039008004100042024001000083037001100093040001800104041001300122100001800135110008100153245018200234260000900416650001700425700002700442700002600469700002700495700002400522700008100546OSt20220930084809.0a|||||r|||| 00| 0ta220926b |||||||| |||| 00| 0 eng d a86078 cTheses aCRLcCRLbeng 2engaeng aSaurabh Kumar aUniversity of Delhi. Faculty of Medical Sciences. Department of Radiotherapy 0aComparison of altered fractionationwith concurrent chemotherapy (5-FU and CDDP) and altered fractionated radiotherapy for organ preservation in locally advanced lartngeal cancer c2006 aRADIOTHERAPY a Dr. A. K. Bahadur Gu. a Dr. J. C. Passey Gu. a Dr. Kishore Singh Gu. a Dr. Sonu Nigam Gu. aUniversity of Delhi. Faculty of Medical Sciences. Department of Radiotherapy